History Quiz

Random History or War Quiz
Score 0/17 Timer 02:00
0 Plays Today
% Correct
Abraham Lincoln
91.8%
James Buchanan
90.6%
James K. Polk
89.7%
Andrew Johnson
89.7%
Franklin Pierce
88.5%
John Tyler
86.7%
Millard Fillmore
86.7%
James Garfield
86.2%
Chester A. Arthur
85.8%
% Correct
Ulysses S. Grant
85.5%
Martin Van Buren
84.3%
Rutherford B. Hayes
83.7%
Benjamin Harrison
81.5%
Zachary Taylor
79.9%
Grover Cleveland
79.9%
John Quincy Adams
70.7%
William McKinley
64.1%
Remove Ads.
Support Sporcle.
Get the best of Sporcle when you Go Orange. This ad-free experience offers more features, more stats, and more fun while also helping to support Sporcle. Thank you for becoming a member.

You're not logged in!

Compare scores with friends on all Sporcle quizzes.
OR
Log In

Show Comments

Extras

Top Quizzes Today


Score Distribution

Your Account Isn't Verified!

In order to create a playlist on Sporcle, you need to verify the email address you used during registration. Go to your Sporcle Settings to finish the process.

Report this User

Report this user for behavior that violates our Community Guidelines.

Details: